| 000 | 01949nam a2200289 i 4500 | ||
|---|---|---|---|
| 999 |
_c27163 _d27163 |
||
| 006 | m|||||o||d|||||||| | ||
| 007 | cr|||||||||||| | ||
| 008 | 180814s2020||||enk o ||1 0|eng|d | ||
| 020 |
_a9781108674812 (ebook) _qOnline Resource |
||
| 040 |
_aUkCbUP _beng _erda |
||
| 082 | 0 | 0 |
_a551.46/3 _223 |
| 100 | 1 |
_aFalnes, Johannes, _d1931- |
|
| 245 | 1 | 0 |
_aOcean waves and oscillating systems : _blinear interactions including wave-energy extraction / _cJohannes Falnes, Adi Kurniawan. |
| 250 | _aSecond edition. | ||
| 260 |
_aLondon _bCambridge University Press _c2020 |
||
| 300 |
_a1 online resource (ix, 307 pages) : _bdigital, PDF file(s). |
||
| 490 | 1 | _aCambridge ocean technology series | |
| 500 | _aTitle from publisher's bibliographic system (viewed on 12 May 2020). | ||
| 520 | _aUnderstand the interaction between ocean waves and oscillating systems with this useful new edition. With a focus on linear analysis of low-amplitude waves, you are provided with a thorough understanding of wave interactions, presented to be easily accessible to non-specialist readers. Topics covered include the background mathematics of oscillations, gravity waves on water, the dynamics of wave-body interactions, and the absorption of wave energy by oscillating bodies and oscillating water columns. Featuring new content throughout, including three new chapters on oscillating-body wave energy converters, oscillating water columns and other types of wave energy converters, and wave energy converter arrays, this book is an excellent resource for students, researchers, and engineers who are new to the subject of wave energy conversion, as well as those with more experience. | ||
| 650 | 0 | _aOcean waves. | |
| 650 | 0 | _aOcean wave power. | |
| 700 | 1 |
_aKurniawan, Adi, _eauthor. |
|
| 776 | 0 | 8 |
_iPrint version: _z9781108481663 |
| 830 | 0 | _aCambridge ocean technology series. | |
| 856 | 4 | 0 | _uhttps://doi.org/10.1017/9781108674812 |
| 942 |
_2ddc _cEBK |
||